Normal view
MARC view
- Habermas, Jürgen,
Entry Nombre Personal
001 - NUMERO DE CONTROL
- campo de control: 1666
003 - IDENTIFICADOR DE NUMERO DE CONTROL
- campo de control: UPN
005 - FECHA Y HORA DE LA ÜLTIMA TRANSACCIÓN
- campo de control: 20230331112853.0
008 - DATOS DE LONGITUD FIJA
- campo de control de longitud fija: nabaccnnaabn|||||||||| b |nc|||||d
035 ## - NUMERO DE CONTROL
- Número de control: UPN10000001666
040 ## - FUENTE DE CATALOGACIÓN
- Lenguaje de catalogación: SPA
- Agencia de transcripción: UPN
- Agencia original de catalogación: UPN
053 #4 - NÚMERO DE CLASIFICACIÓN LC
- Número de clasificación elemento-número único o número inicial de tramo: B3258 H3.24
100 1# - ENCABEZAMIENTO - NOMBRE PERSONAL
- Nombre personal: Habermas, Jürgen,
- Fechas asociadas con el nombre: 1929-
- Subdivisión temática general : Crítica e interpretación
670 ## - FUENTE EN LA QUE SE LOCALIZARON DATOS
- Cita de la fuente: T/P
- Información localizada: El discurso religioso de la modernidad : Habermas y la religión
902 ## - CATALOGADOR
- Catalogador: MEEG/091105
